| 000 | 01308pam a2200313 a 4500 | ||
|---|---|---|---|
| 001 | 1527140 | ||
| 003 | OSt | ||
| 005 | 20200514102528.0 | ||
| 008 | 900823s1991 maub b 001 0 eng | ||
| 010 | _a 90047404 | ||
| 020 |
_a9789382934271 _c$24.95 ($29.95 Can.) |
||
| 020 | _a0201523213 : | ||
| 040 |
_aDLC _cDLC _dDLC |
||
| 041 | 1 |
_aeng _hfre |
|
| 050 | 0 | 0 |
_aBP135.8.W67 _bM4713 1991 |
| 082 | 0 | 0 |
_a297.12408 _220 _bMER/I |
| 100 | 1 |
_aMernissi, Fatima _91833 |
|
| 240 | 1 | 0 |
_aIslamum Sthreekalum _lMalayalam |
| 245 | 1 | 4 |
_aIslamum Sthreekalum = The veil and the male elite : _ba feminist interpretation of women's rights in Islam / _cFatima Mernissi ; translated by K M Venugopalan |
| 260 |
_aKozhikode : _bOlive publications., _c2009. |
||
| 300 | _a298 p. : | ||
| 500 | _aTranslation of: Le harem politique. | ||
| 600 | 0 | 0 |
_aMuḥammad, _cProphet, _d-632 _91834 _xIn the Qurʼan |
| 650 | 0 |
_aReligion _vOther religions _xIslam, Babism & Bahai Faith _91836 |
|
| 650 | 0 |
_aReligion _gWomen in Islam _vOther religions _xIslam, Babism & Bahai Faith _91837 |
|
| 906 |
_a7 _bcbc _corignew _d1 _eocip _f19 _gy-gencatlg |
||
| 942 |
_2ddc _cBK _h297.12408 _iMER/I _k297.12408 _mMER/I |
||
| 999 |
_c23040 _d23040 |
||